000 00761nam a2200193 a 4500
003 0
005 20250407105244.0
008 071126s19uu xx 00 eng d
050 _aPHS QK 99
_b.N35 2007
100 _aNakamura, Reika D.
245 _aEffect of aloe vera (Aloe barbadensis) extract on cell division of onion (Allium cepa) root tip /
_cReika D. Nakamura.
260 _aLas PiƱas City, Philippines :
_bSouthville International School and Colleges,
_c2007.
300 _a33 pages :
_billustrations ;
_c28 cm.
504 _aIncludes bibliographical references.
650 _aAloe vera
_xEffect on cell division.
650 _aOnion
_xRoots
_vEffects of Aloe vera extract.
650 _aCell division
_xEffect of Aloe vera extract.
942 _2lcc
_cPASS
999 _c97863
_d97863